Multimillionaires-2 (Запись № 1712594)

Подробности
000 -МАРКЕР
контрольное поле 01426nam0a2200373 4500
001 - ИДЕНТИФИКАТОР ЗАПИСИ
контрольное поле RU\NLR\bibl\1490965
005 - ИДЕНТИФИКАТОР ВЕРСИИ
контрольное поле 20260405111305.0
010 ## - МЕЖДУНАРОДНЫЙ СТАНДАРТНЫЙ НОМЕР КНИГИ (ISBN)
Номер (ISBN) 978-5-17-060127-1
Уточнения АСТ
010 ## - МЕЖДУНАРОДНЫЙ СТАНДАРТНЫЙ НОМЕР КНИГИ (ISBN)
Номер (ISBN) 978-5-271-24219-9
Уточнения Астрель
Тираж 3000
021 ## - НОМЕР ГОСУДАРСТВЕННОЙ РЕГИСТРАЦИИ
Код страны российская федерация
Номер 2010-8360
Номер Листа государственной регистраци 547
035 ## - ДРУГИЕ СИСТЕМНЫЕ НОМЕРА
Идентификатор записи (NLR Aleph) 001482532
100 ## - ДАННЫЕ ОБЩЕЙ ОБРАБОТКИ
Данные общей обработки 20100326d2010 |||y0rusy50 ca
101 0# - ЯЗЫК РЕСУРСА
Язык текста, звукозаписи и т.д. русский
102 ## - СТРАНА ПУБЛИКАЦИИ ИЛИ ПРОИЗВОДСТВА
Страна публикации российская федерация
105 ## - ПОЛЕ КОДИРОВАННЫХ ДАННЫХ: ТЕКСТОВЫЕ МАТЕРИАЛЫ, МОНОГРАФИЧЕСКИЕ
Кодированные данные о монографическом текстовом документе y |||||||||
200 1# - ЗАГЛАВИЕ И СВЕДЕНИЯ ОБ ОТВЕТСТВЕННОСТИ
Основное заглавие Multimillionaires-2
Первые сведения об ответственности Лена Ленина
210 ## - ПУБЛИКАЦИЯ, РАСПРОСТРАНЕНИЕ И ДР.
Место издания, распространения и т.д. Москва
Имя издателя, распространителя и т. д. Астрель
-- АСТ
Дата издания, распространения и т.д. 2010 (печ. 2009)
215 ## - ФИЗИЧЕСКАЯ ХАРАКТЕРИСТИКА
Специфическое обозначение материала и объем 314, [1] с.
Размеры 17
300 ## - ОБЩИЕ ПРИМЕЧАНИЯ
Текст примечания Загл. обл.: Multimillionaires 2 / Лена Ленина
320 ## - ПРИМЕЧАНИЯ О НАЛИЧИИ В ДОКУМЕНТЕ БИБЛИОГРАФИИ / УКАЗАТЕЛЯ
Текст примечания Библиогр. в конце кн.
512 1# - ЗАГЛАВИЕ ОБЛОЖКИ
Связь между полями z24790
Заглавие обложки Multimillionaires 2
606 1# - НАИМЕНОВАНИЕ ТЕМЫ КАК ПРЕДМЕТ
Наименование темы Предприниматели
Географический подзаголовок Зарубежные страны
Системный номер авторитетной/нормативной записи 1738965
Идентификатор авторитетной/нормативной записи RU\NLR\auth\661073983
606 1# - НАИМЕНОВАНИЕ ТЕМЫ КАК ПРЕДМЕТ
Наименование темы Предприниматели
Географический подзаголовок Российская Федерация
Системный номер авторитетной/нормативной записи 2139748
Идентификатор авторитетной/нормативной записи RU\NLR\auth\661289819
686 ## - ИНДЕКСЫ ДРУГИХ КЛАССИФИКАЦИЙ
Индекс У5-13
686 ## - ИНДЕКСЫ ДРУГИХ КЛАССИФИКАЦИЙ
Индекс У9(2)-13(2Р)
700 #1 - ИМЯ ЛИЦА - ПЕРВИЧНАЯ ОТВЕТСТВЕННОСТЬ
Код отношения Автор
Материалы, к которым относится поле rus
Графика поля Кириллица
Начальный элемент ввода Ленина
Часть имени, кроме начального элемента ввода Л.
Дополнения к именам, кроме дат псевд.
Даты 1971-
Расширение инициалов личного имени Лена
Идентификатор авторитетной/нормативной записи RU\NLR\AUTH\7742288
Системный номер авторитетной/нормативной записи 25233
790 #1 - ИМЯ ЛИЦА - АЛЬТЕРНАТИВНАЯ ФОРМА
Код отношения Автор
Материалы, к которым относится поле rus
Графика поля Кириллица
Начальный элемент ввода Ленина
Часть имени, кроме начального элемента ввода Л.
Дополнения к именам, кроме дат псевд.
Даты 1971-
Расширение инициалов личного имени Лена
Идентификатор авторитетной/нормативной записи RU\NLR\AUTH\7742288
Системный номер авторитетной/нормативной записи 25233
801 #0 - ИСТОЧНИК ЗАПИСИ
Страна российская федерация
Организация NLR
Дата составления 20100326
Правила каталогизации RCR
801 #1 - ИСТОЧНИК ЗАПИСИ
Страна российская федерация
Организация NLR
Дата составления 20100326
942 ## - ДОПОЛНИТЕЛЬНЫЕ ЭЛЕМЕНТЫ ЗАПИСИ (АБИС)
Тип экземпляра АБИС Книга
980 ## - КОЛЛЕКЦИЯ
Название коллекции Национальная библиография
Экземпляры
Тип экземпляра Дата поступления Источник поступления Библиотека постоянного хранения Библиотека текущего хранения Место хранения Шифр хранения Штрих-код Статус не для выдачи
Книга 26.03.2010 Обязательный экземпляр РНБ (Московский) РНБ (Московский) Русский книжный фонд: издания с 1957 года, 8этаж 2010-2/1117 3134999  
Книга 26.03.2010 Обязательный экземпляр РНБ (Московский) РНБ (Московский) Русский книжный фонд: издания с 1957 года, 8этаж 2010-2/1117 3135002